Statistics for One Team Baseball Players Quiz

Click here to take the quiz!

General Stats

  • This quiz has been taken 19,542 times
    (9,127 since last reset)
  • The average score is 14 of 24

Answer Stats

Years Team Player % Correct
1995-2014YankeesDerek Jeter
95%
1981-2001OriolesCal Ripken
75%
1993-2012BravesChipper Jones
75%
1995-2013YankeesMariano Rivera
73%
1951-1968YankeesMickey Mantle
65%
1939-1960Red SoxTed Williams
62%
1973-1993RoyalsGeorge Brett
62%
1923-1939YankeesLou Gehrig
62%
1982-2001PadresTony Gwynn
62%
1991-2005AstrosJeff Bagwell
60%
1936-1951YankeesJoe DiMaggio
59%
1988-2007AstrosCraig Biggio
58%
1955-1972PiratesRoberto Clemente
54%
1972-1989PhilliesMike Schmidt
54%
1947-1956DodgersJackie Robinson
53%
1984-1995TwinsKirby Puckett
52%
1955-1966DodgersSandy Koufax
52%
1967-1983RedsJohnny Bench
49%
1961-1983Red SoxCarl Yastrzemski
49%
1953-1971CubsErnie Banks
49%
1941-1963CardinalsStan Musial
48%
1974-1993BrewersRobin Yount
47%
1987-2004MarinersEdgar Martinez
46%
1986-2004RedsBarry Larkin
36%

Score Distribution

Percentile by Number Answered

Percent of People with Each Score

Your Score History

You have not taken this quiz since the last reset